Η Ευρωπαϊκή Ένωση στη Μεσόγειο : από τη διαδικασία της Βαρκελώνης στην <<Ένωση για τη Μεσόγειο>> : προβλήματα και προοπτικές : διπλωματική εργασία [μεταπτυχιακή εργασία]

Αποθηκεύτηκε σε:
Λεπτομέρειες βιβλιογραφικής εγγραφής
Κύριος συγγραφέας: Δοντά, Βαλασία
Συγγραφή απο Οργανισμό/Αρχή: Πανεπιστήμιο Αιγαίου Σχολή Ανθρωπιστικών Επιστημών Τμήμα Μεσογειακών Σπουδών Πρόγραμμα Μεταπτυχιακών Σπουδών Πολιτικές, Οικονομικές και Διεθνείς Σχέσεις στη Μεσόγειο
Μορφή: Thesis Βιβλίο
Γλώσσα:Greek
Δημοσίευση: 2012.
Θέματα:
Διαθέσιμο Online:http://hdl.handle.net/11610/12284
Ετικέτες: Προσθήκη ετικέτας
Δεν υπάρχουν, Καταχωρήστε ετικέτα πρώτοι!

MARC

LEADER 00000cam a2200000 i 4500
001 1/25264
008 130131s2012 gr | ||| |||| ||gre||
035 |l 10113612 
040 |a GR-MyUa  |b gre  |e AACR2 
041 0 |a gre 
082 7 |a 327.094   |2 (22) 
100 1 |a Δοντά, Βαλασία. 
245 1 2 |a Η Ευρωπαϊκή Ένωση στη Μεσόγειο :   |b από τη διαδικασία της Βαρκελώνης στην <<Ένωση για τη Μεσόγειο>> : προβλήματα και προοπτικές : διπλωματική εργασία [μεταπτυχιακή εργασία] /   |c Δοντά Βαλασία ; επιβλέπων: Τσάκωνας Παναγιώτης. 
260 |c 2012. 
300 |a 45 σ. ;   |c 30 εκ. 
500 |a Μέλη εξεταστικής επιτροπής: Μανώλη Παναγιώτα, Σεϊμένης Ιωάννης. 
502 |a Διατριβή (μεταπτυχιακή) – Πανεπιστήμιο Αιγαίου, Ρόδος, 2012. 
504 |a Βιβλιογραφία: σ. 42-45. 
650 0 |a Dissertations, Academic  |z Greece. 
651 0 |a European Union countries  |x Foreign relations  |z Mediterranean Region. 
651 0 |a Mediterranean Region  |x Relations  |z European Economic Community countries. 
700 1 |a Τσάκωνας, Παναγιώτης Ι.  |e dgs 
710 2 |a Πανεπιστήμιο Αιγαίου  |b Σχολή Ανθρωπιστικών Επιστημών  |b Τμήμα Μεσογειακών Σπουδών  |b Πρόγραμμα Μεταπτυχιακών Σπουδών Πολιτικές, Οικονομικές και Διεθνείς Σχέσεις στη Μεσόγειο. 
852 |a INST  |b RHODES  |c DIATR  |e 20130131  |h 327.094 ΔΟΝ  |p 005400034856  |q 005400034856  |t MTXE  |y 23 
852 |a INST  |b RHODES  |c DIATR  |e 20130131  |h 327.094 ΔΟΝ  |p 005400034857  |q 005400034857  |t MTXE  |y 23 
856 |u http://hdl.handle.net/11610/12284 
901 |a BIBL4-2013-1 
924 |a Δοντά  |b Βαλασία  |y Ρόδος  |z 2012-06 
970 |z 2013/01/31